LIBRARY & INFORMATION CENTRE, KCAET, TAVANUR

ONLINE PUBLIC ACCESS CATALOGUE (OPAC)

BActeriology and immunity for nurses / (Record no. 4423)

MARC details
000 -LEADER
fixed length control field 00387cam a2200157ua 4500
041 ## - LANGUAGE CODE
Language code of text/sound track or separate title eng
082 ## - DEWEY DECIMAL CLASSIFICATION NUMBER
Classification number 616.014
Item number HAR/BA
100 ## - MAIN ENTRY--AUTHOR NAME
Personal name Hare, Ronald .
245 ## - TITLE STATEMENT
Title BActeriology and immunity for nurses /
260 ## - PUBLICATION, DISTRIBUTION, ETC. (IMPRINT)
Place of publication London :
Name of publisher Longman ,
Year of publication 1961.
300 ## - PHYSICAL DESCRIPTION
Number of Pages 193 ; .
942 ## - ADDED ENTRY ELEMENTS (KOHA)
Koha item type Books
Holdings
Withdrawn status Lost status Damaged status Home library Current library Date acquired Full call number Accession Number Koha item type
      KAUAET KAUAET 07/04/2012 616.014 3953 Books
      KAUAET KAUAET 07/04/2012 616.014 3571 Books
free website counter